| 000 | 00539nam a22001937a 4500 | ||
|---|---|---|---|
| 008 | 150921b xxu||||| |||| 00| 0 eng d | ||
| 020 | _a0072350849 | ||
| 041 | 0 | _aeng | |
| 080 | _a336 | ||
| 100 | 1 | _aKapoor, Jack R., | |
| 245 | 1 | 0 |
_aPersonal finance / _cJack R. Kapoor, Les R. Dlabay, Robert J. Hughes. |
| 250 | _a6th ed. | ||
| 260 |
_aBoston, Mass. : _bMcGraw Hill/Irwin, _c2001. |
||
| 300 |
_axxx, 678 f. : _bme il.; _c26 cm. |
||
| 650 | 0 | _aFinancë | |
| 700 | 1 | _aDlabay, Les R. | |
| 700 | 1 | _aHughes, Robert James, | |
| 942 |
_2udc _cBK |
||
| 999 |
_c1152 _d1152 |
||